[Event "HUN-chT2 Breyer 1516"]
[Site "Hungary"]
[Date "2016.04.17"]
[Round "11.2"]
[White "Horeczky, Tibor"]
[Black "Koczo, Kristof"]
[Result "1/2-1/2"]
[WhiteElo "2187"]
[BlackElo "2165"]
[PlyCount "125"]
[EventDate "2015.09.13"]
[EventType "team-tourn"]
[EventRounds "11"]
[EventCountry "HUN"]
[SourceTitle "EXT 2017"]
[Source "ChessBase"]
[SourceDate "2016.10.25"]
[SourceVersion "1"]
[SourceVersionDate "2016.10.25"]
[SourceQuality "1"]
[WhiteTeam "Szazhalombatta"]
[BlackTeam "Kobanya Aquarena"]
[WhiteTeamCountry "HUN"]
[BlackTeamCountry "HUN"]

1. e4 c5 2. Nf3 d6 3. d4 cxd4 4. Nxd4 Nf6 5. Nc3 a6 6. Bg5 e6 7. f4 Be7 8. Qf3 Qc7 9. 0-0-0 Nbd7 10. g4 b5 11. Bxf6 Nxf6 12. g5 Nd7 13. f5 Bxg5+ 14. Kb1 0-0 15. fxe6 Nb6 16. Nd5 Nxd5 17. exd5 fxe6 18. Qg4 e5 19. Qxg5 exd4 20. Bd3 g6 21. Rhg1 Qg7 22. h4 Bf5 23. a4 Bxd3 24. Rxd3 Rf5 25. Qxf5 gxf5 26. Rxg7+ Kxg7 27. Rxd4 Kf6 28. axb5 axb5 29. Rb4 Ra4 30. Rxb5 Rxh4 31. Kc1 Ke5 32. Kd2 Rh2+ 33. Kd3 Rh3+ 34. Kd2 Ke4 35. c4 f4 36. c5 dxc5 37. Rxc5 Rh2+ 38. Kc3 f3 39. Rc4+ Ke3 40. Rc7 f2 41. Re7+ Kf3 42. d6 Rh3 43. Kc2 Rh4 44. Rf7+ Rf4 45. Rxf4+ Kxf4 46. d7 f1Q 47. d8Q Qc4+ 48. Kd2 Qb4+ 49. Kc2 Qc5+ 50. Kd3 Qb5+ 51. Kc3 Qc5+ 52. Kd3 Qf5+ 53. Kc3 h5 54. Qd2+ Kg3 55. Qe1+ Kg4 56. Qg1+ Kh4 57. Qh2+ Kg5 58. Qg3+ Kf6 59. Qd6+ Kf7 60. Qc7+ Kg6 61. Qd6+ Qf6+ 62. Qxf6+ Kxf6 63. Kd3 1/2-1/2

[Event "HUN-chT2 Breyer 1516"]
[Site "Hungary"]
[Date "2016.04.03"]
[Round "10.2"]
[White "Berek, Geza"]
[Black "Horeczky, Tibor"]
[Result "1/2-1/2"]
[WhiteElo "2158"]
[BlackElo "2187"]
[PlyCount "41"]
[EventDate "2015.09.13"]
[EventType "team-tourn"]
[EventRounds "11"]
[EventCountry "HUN"]
[SourceTitle "EXT 2017"]
[Source "ChessBase"]
[SourceDate "2016.10.25"]
[SourceVersion "1"]
[SourceVersionDate "2016.10.25"]
[SourceQuality "1"]
[WhiteTeam "Nyergesujfalu"]
[BlackTeam "Szazhalombatta"]
[WhiteTeamCountry "HUN"]
[BlackTeamCountry "HUN"]

1. e4 c5 2. Nf3 d6 3. d4 cxd4 4. Nxd4 Nf6 5. Nc3 g6 6. Be3 Bg7 7. f3 0-0 8. Qd2 Nc6 9. Bc4 Bd7 10. Bb3 Na5 11. g4 Rc8 12. 0-0-0 Nc4 13. Bxc4 Rxc4 14. Kb1 b5 15. b3 Rc8 16. Ndxb5 Qa5 17. a4 a6 18. Nd5 Qxd2 19. Nxe7+ Kh8 20. Rxd2 Rce8 21. Nxd6 1/2-1/2

[Event "HUN-chT2 Breyer 1516"]
[Site "Hungary"]
[Date "2015.09.13"]
[Round "1.2"]
[White "Juhasz, Mark"]
[Black "Horeczky, Tibor"]
[Result "1/2-1/2"]
[WhiteElo "2169"]
[BlackElo "2187"]
[PlyCount "32"]
[EventDate "2015.09.13"]
[EventType "team-tourn"]
[EventRounds "11"]
[EventCountry "HUN"]
[SourceTitle "CBM 170 Extra"]
[Source "ChessBase"]
[SourceDate "2016.02.25"]
[SourceVersion "1"]
[SourceVersionDate "2016.02.25"]
[SourceQuality "1"]
[WhiteTeam "Zsambek"]
[BlackTeam "Szazhalombatta"]
[WhiteTeamCountry "HUN"]
[BlackTeamCountry "HUN"]

1. c4 e6 2. g3 d5 3. Bg2 Nf6 4. Nf3 Be7 5. 0-0 0-0 6. d4 dxc4 7. Qc2 b5 8. a4 bxa4 9. Rxa4 Bb7 10. Nbd2 c5 11. Rd1 cxd4 12. Nxc4 Be4 13. Qb3 Nc6 14. Nce5 Rb8 15. Qc4 Na5 16. Qa6 Nb3 1/2-1/2

[Event "HUN-chT2 Breyer 1415"]
[Site "Hungary"]
[Date "2014.09.07"]
[Round "1.2"]
[White "Horeczky, Tibor"]
[Black "Farkas, Lajos"]
[Result "0-1"]
[WhiteElo "2195"]
[BlackElo "2201"]
[PlyCount "140"]
[EventDate "2014.09.07"]
[EventType "team-tourn"]
[EventRounds "11"]
[EventCountry "HUN"]
[SourceTitle "EXT 2016"]
[Source "ChessBase"]
[SourceDate "2015.10.08"]
[SourceVersion "1"]
[SourceVersionDate "2015.10.08"]
[SourceQuality "1"]
[WhiteTeam "Szazhalombatta"]
[BlackTeam "Sarkany DSE"]
[WhiteTeamCountry "HUN"]
[BlackTeamCountry "HUN"]

1. e4 c6 2. d4 d5 3. Nc3 dxe4 4. Nxe4 Bf5 5. Ng3 Bg6 6. Nf3 Nd7 7. h4 h6 8. h5 Bh7 9. Bd3 Bxd3 10. Qxd3 e6 11. Bf4 Qa5+ 12. Bd2 Bb4 13. c3 Be7 14. c4 Qc7 15. 0-0-0 Ngf6 16. Ne4 Nxe4 17. Qxe4 Nf6 18. Qe2 b5 19. Kb1 bxc4 20. Rc1 0-0 21. Rxc4 Rab8 22. g4 Qb6 23. b3 Qb5 24. Ne5 c5 25. Rhc1 cxd4 26. Nc6 Ba3 27. Rg1 Ne4 28. Nxb8 Rxb8 29. Rd1 e5 30. Bb4 Bxb4 31. Qxe4 Bc3 32. Qc6 Qxc6 33. Rxc6 Rb6 34. Rxb6 axb6 35. f3 Kf8 36. Kc2 Ke7 37. Kd3 Kd6 38. Kc4 Kc6 39. a4 f6 40. Rc1 Bd2 41. Rc2 Be1 42. Ra2 Bc3 43. b4 Be1 44. Re2 Bc3 45. Rc2 Be1 46. b5+ Kd7 47. Kd3 Bb4 48. Rc6 Ba5 49. Ke4 Kd8 50. Kf5 Kd7 51. Kg6 d3 52. Rc1 Ke6 53. Rd1 d2 54. Kxg7 f5 55. Kxh6 fxg4 56. Kg6 gxf3 57. h6 e4 58. h7 Bc3 59. Rxd2 Bh8 60. a5 bxa5 61. b6 e3 62. Rd8 f2 63. b7 f1Q 64. Re8+ Kd7 65. Rxh8 Qg2+ 66. Kh6 Qc6+ 67. Kg5 Qd5+ 68. Kh6 Qe6+ 69. Kg7 Qe5+ 70. Kg8 Ke7 0-1

[Event "HUN-chT2 Breyer 1112"]
[Site "Hungary"]
[Date "2012.02.19"]
[Round "6.2"]
[White "Fordan, Tibor"]
[Black "Horeczky, Tibor"]
[Result "0-1"]
[WhiteElo "2253"]
[BlackElo "2188"]
[PlyCount "112"]
[EventDate "2011.09.25"]
[EventType "team-tourn"]
[EventRounds "11"]
[EventCountry "HUN"]
[SourceTitle "EXT 2013"]
[Source "ChessBase"]
[SourceDate "2012.11.22"]
[SourceVersion "1"]
[SourceVersionDate "2012.11.22"]
[SourceQuality "1"]
[WhiteTeam "BEAC II"]
[BlackTeam "Szazhalombatta"]
[WhiteTeamCountry "HUN"]
[BlackTeamCountry "HUN"]

1. d4 Nf6 2. c4 g6 3. Nc3 Bg7 4. e4 d6 5. Nf3 0-0 6. Be2 e5 7. 0-0 Nc6 8. d5 Ne7 9. Nd2 Ne8 10. b4 f5 11. c5 Nf6 12. f3 f4 13. a4 g5 14. Ba3 h5 15. b5 Ng6 16. Nc4 dxc5 17. Bxc5 Rf7 18. d6 Bf8 19. Nd5 cxd6 20. Nxf6+ Rxf6 21. b6 a6 22. Bf2 Be6 23. Na5 Rf7 24. Rc1 Rc8 25. Qd2 g4 26. Rxc8 Qxc8 27. Rc1 Qd8 28. Qb2 g3 29. hxg3 fxg3 30. Bxg3 Qg5 31. Bf2 Nf4 32. Kf1 Qxg2+ 33. Ke1 Nxe2 34. Qxe2 Rxf3 35. Be3 Qxe2+ 36. Kxe2 Rxe3+ 37. Kxe3 Bh6+ 38. Kd3 Bxc1 39. Nxb7 Ba3 40. Nd8 Bc8 41. b7 Bxb7 42. Nxb7 Kf7 43. Na5 Kf6 44. Ke2 Ke6 45. Nc4 Bc5 46. Nd2 d5 47. Kd3 h4 48. Nf3 Be7 49. Ng1 Kd6 50. Nh3 Kc5 51. exd5 Kxd5 52. Nf2 Bc5 53. Nh3 e4+ 54. Kc3 Ke5 55. Kc4 Ba7 56. Kb4 Kf5 0-1

[Event "SB-2011-0-00136"]
[Site "LSS email"]
[Date "2011.03.04"]
[Round "?"]
[White "Horeczky, Tibor"]
[Black "Morcin, Tom"]
[Result "0-1"]
[WhiteElo "1737"]
[BlackElo "1963"]
[PlyCount "36"]
[EventDate "2011.02.14"]
[EventType "tourn (corr)"]
[EventRounds "6"]
[EventCountry "GER"]
[SourceTitle "Telechess CBM 149"]
[Source "ChessBase"]
[SourceDate "2012.07.17"]
[SourceVersion "1"]
[SourceVersionDate "2012.07.17"]
[SourceQuality "1"]

1. e4 c5 2. Nf3 d6 3. d4 cxd4 4. Nxd4 Nf6 5. Nc3 a6 6. Bc4 e6 7. Bb3 b5 8. f3 Be7 9. Be3 0-0 10. Qd2 Bb7 11. 0-0 Nbd7 12. a4 b4 13. Na2 a5 14. c3 bxc3 15. Nxc3 Nc5 16. Bc4 Rc8 17. Rac1 Nfd7 18. Rfd1 Ne5 0-1

[Event "SB-2011-0-00131"]
[Site "LSS email"]
[Date "2011.02.05"]
[Round "?"]
[White "Horeczky, Tibor"]
[Black "Bascetta, Biagio J"]
[Result "0-1"]
[WhiteElo "1702"]
[BlackElo "1736"]
[PlyCount "54"]
[EventDate "2011.01.04"]
[EventType "tourn (corr)"]
[EventRounds "6"]
[EventCountry "GER"]
[SourceTitle "Telechess CBM 145"]
[Source "Chessbase"]
[SourceDate "2011.11.11"]
[SourceVersion "1"]
[SourceVersionDate "2011.11.11"]
[SourceQuality "1"]

1. e4 Nf6 2. e5 Nd5 3. d4 d6 4. Nf3 g6 5. c4 Nb6 6. exd6 cxd6 7. Nc3 Bg7 8. h3 0-0 9. Be3 Nc6 10. Rc1 e5 11. dxe5 dxe5 12. c5 Nd7 13. Bc4 Qa5 14. a3 e4 15. Nd2 Nxc5 16. b4 Qxa3 17. Bxc5 Bxc3 18. Bxf8 Kxf8 19. 0-0 Qxb4 20. Nxe4 Bb2 21. Rc2 Bf5 22. Qd5 Qe7 23. Rxb2 Bxe4 24. Qd2 Rd8 25. Qe3 Rd4 26. Rc1 Qd7 27. Bf1 Kg7 0-1

[Event "SB-2011-0-00131"]
[Site "LSS email"]
[Date "2011.02.05"]
[Round "?"]
[White "Laszlo, Szente"]
[Black "Horeczky, Tibor"]
[Result "0-1"]
[WhiteElo "1838"]
[BlackElo "1702"]
[PlyCount "38"]
[EventDate "2011.01.04"]
[EventType "tourn (corr)"]
[EventRounds "6"]
[EventCountry "GER"]
[SourceTitle "Telechess CBM 145"]
[Source "Chessbase"]
[SourceDate "2011.11.11"]
[SourceVersion "1"]
[SourceVersionDate "2011.11.11"]
[SourceQuality "1"]

1. e4 e5 2. f4 exf4 3. Nf3 d6 4. d4 g5 5. h4 g4 6. Ng1 Bh6 7. Nc3 c6 8. Qd3 b6 9. d5 c5 10. Nge2 f3 11. Bxh6 Nxh6 12. gxf3 gxf3 13. Qxf3 Nd7 14. 0-0-0 Ne5 15. Qf2 Nhg4 16. Qg3 Kd7 17. Kb1 Kc7 18. Nf4 Rg8 19. Be2 Bd7 0-1

[Event "LSS RB-2010-0-00092"]
[Site "LSS email"]
[Date "2010.08.03"]
[Round "?"]
[White "De Jong, Bert"]
[Black "Horeczky, Tibor"]
[Result "1-0"]
[WhiteElo "1829"]
[BlackElo "1864"]
[PlyCount "75"]
[EventDate "2010.06.14"]
[EventType "tourn (corr)"]
[EventRounds "6"]
[EventCountry "GER"]
[SourceTitle "Telechess CBM 143"]
[Source "ChessBase"]
[SourceDate "2011.07.15"]
[SourceVersion "1"]
[SourceVersionDate "2011.07.15"]
[SourceQuality "1"]

1. d4 Nf6 2. c4 g6 3. g3 Bg7 4. Bg2 0-0 5. Nf3 d6 6. Nc3 Nbd7 7. 0-0 e5 8. e4 c6 9. h3 Qb6 10. c5 dxc5 11. dxe5 Ne8 12. e6 fxe6 13. Ng5 Ne5 14. f4 Nf7 15. Nxf7 Bd4+ 16. Kh2 Rxf7 17. e5 Nc7 18. a4 a5 19. Ne4 Nd5 20. Ra3 Qc7 21. Ng5 Rf8 22. h4 b5 23. h5 b4 24. Rd3 h6 25. Nf3 Ba6 26. hxg6 Bxd3 27. Qxd3 Qg7 28. Bh3 Rfe8 29. Qe4 Rad8 30. Rd1 Qa7 31. f5 exf5 32. Bxf5 Qg7 33. Re1 Re7 34. Qh4 h5 35. Qxh5 Rf8 36. g4 Qh8 37. Bh6 Nf4 38. Qg5 1-0